| 000 | 00740nam a2200217Ii 4500 | ||
|---|---|---|---|
| 003 | JO-AjNU | ||
| 008 | 230605s9999||||xx |||||||||||||| ||und|| | ||
| 017 | _a88/4082 | ||
| 040 |
_aJO-AjNU _bara _erda _cJO-AjNU |
||
| 041 | _aara | ||
| 050 | 1 | 4 | _aPJ6101.S5.2004 |
| 100 | 3 |
_aتأليف قنبر، أبي بشر عمرو بن عثمان؛ تحقيق وشرح عبد السلام محمد هارون, _eauthor _926670 |
|
| 245 | 0 | 0 | _aكتاب سيبوية |
| 250 | _aط5 | ||
| 264 | 3 | 1 | _aالقاهرة: مكتبة الخانجى، 2009 |
| 300 | _aج4، 494ص | ||
| 336 |
_atext _btxt _2rdacontent |
||
| 337 |
_aunmediated _bn _2rdamedia |
||
| 338 |
_avolume _bnc _2rdacarrier |
||
| 650 | 4 |
_aاللغة العربية -- النحو _926671 |
|
| 999 |
_aA10133 _c13701 _d13701 |
||